000 00900nam a2200253Ia 4500
003 OSt
005 20220923212130.0
006 a|||||r|||| 00| 0
007 ta
008 220922b |||||||| |||| 00| 0 hin d
024 _a151,006
037 _cTextual
040 _aARTS
_cARTS
_bhin
041 _2hin
_ahin
082 _aO152:g, M0
100 _aपेयरे, हेनरी
_9156290
245 0 _aसमालोचना की असफलताएं, अनु भंवरलाल जोशी
246 _aSamālochanā kī asafalatāean, anu0 bhanvaralāl joshī
260 _aजयपुर
_b राजस्थान हिन्दी ग्रंथ
_c1980
300 _a267 पृ.
_ccm.
650 _aहिन्दी साहित्य
_9156264
942 _hO152:g, M0
_cTEXL
_2CC
999 _c306686
_d306686